Laws of Malaysia : National Land Code (Act No 56 of 1965) :

Bibliographic Details
Corporate Author: Malaysia
Format: Book
Published: Kuala Lumpur : The Commissioner of Law Revision , 2002
Subjects:

MARC

LEADER 00000cam a2200000 7i4500
001 0000024822
005 20130321.0
008 210313 my #
020 |a 9382581745 
040 |a INS 
090 0 0 |a KPG2552.A311965.   |b A4 2002 
110 0 |a Malaysia 
245 1 0 |a Laws of Malaysia :   |b National Land Code (Act No 56 of 1965) :   |b Incorporating all amenments up to 31 August 2002   |c The Commissioner of Law Revision 
260 |a Kuala Lumpur :   |b The Commissioner of Law Revision ,   |c 2002 
300 |a 538p ;   |c 25cm. 
650 0 |a Land tenure   |x Law and legislation   |z Malaysia 
650 0 |a Land titles   |x Law and legislation   |z Malaysia 
650 0 |a Land use   |x Law and legislation   |z Malaysia 
999 |a 1000000982   |b BOOK   |c Open Shelf   |e Default branch